000 00393nam a22001697a 4500
003 MPLRDC
005 20220104143158.0
008 210129b ||||| |||| 00| 0 eng d
082 _a477 LDF c.2
100 _a林得发编著
245 _a现代印刷设计
_c
260 _a
_b文豪出版社
_c
300 _b
490 _a现代美工丛书
650 _a
942 _cBK
_o477 LDF c.2
999 _c37390
_d37380